Statistics for Top 20 Subscribed Youtubers

Click here to take the quiz!

General Stats

  • This quiz has been taken 1,057 times
    (278 since last reset)
  • The average score is 5 of 20

Answer Stats

RankSubscribers (m)Channel Name% Correct
2109Pewdiepie
95%
1171T-Series
80%
1653MrBeast
68%
3104Cocomelon - Nursery Rhymes
53%
1554Dude Perfect
46%
1260Justin Bieber
29%
7705-Minute Crafts
25%
494SET India
21%
672WWE
19%
868Like Nastya
14%
1357Blackpink
14%
1751Marshmello
13%
573✿Kids Diana Show
12%
967Zee Music Company
11%
1063Canal KondZilla
10%
1455Zee TV
9%
1948Movieclips
8%
1161Vlad and Nikita
5%
1850Big Hit Labels
5%
2047Goldmines Telefilms
3%

Score Distribution

Percentile by Number Answered

Percent of People with Each Score

Your Score History

You have not taken this quiz since the last reset